Le opere della letteratura latina (Volume Secondo)

সংরক্ষণ করুন:
গ্রন্থ-পঞ্জীর বিবরন
প্রধান লেখক: Semi, Francesco
বিন্যাস: গ্রন্থ
ভাষা:Undetermined
প্রকাশিত: Torino, Italia Societa Editrice internazionale 1958
বিষয়গুলি:
ট্যাগগুলো: ট্যাগ যুক্ত করুন
কোনো ট্যাগ নেই, প্রথমজন হিসাবে ট্যাগ করুন!

MARC

LEADER 00000nam a2200000Ia 4500
008 170316s9999 xx 000 0 und d
040 |a cru BVZT 
090 |a 870 S-3o v.2 
100 |a Semi, Francesco 
245 |a Le opere della letteratura latina (Volume Secondo) 
260 |a Torino, Italia 
260 |b Societa Editrice internazionale 
260 |c 1958 
300 |a 367 páginas 
650 |a LITERATURA LATINA 
999 |c 11802  |d 11802 
942 |c 15 D  |h 870 S-3o v.2  |2 z